| 000 | 00718nam a22002177a 4500 | ||
|---|---|---|---|
| 003 | OSt | ||
| 005 | 20170215171455.0 | ||
| 008 | 170214b xxu||||| |||| 00| 0 eng d | ||
| 020 | _a031212645x | ||
| 040 | _c040a | ||
| 082 |
_a338.98 _bECO 1996 |
||
| 245 |
_aEconomic policy and the transition to democracy: _bthe Latin American experience/ _cJuan Antinio Morales, Gary McMahon |
||
| 260 |
_aNew York _bSt.Martin Press _c1996 |
||
| 300 |
_axvii,242p; _c10cm. |
||
| 440 |
_aInternational political economy series _9970 |
||
| 504 | _aIncludes bibliographical references and index | ||
| 650 |
_aEconomic policy _97613 |
||
| 700 |
_aMorales, Juan Antonio _911575 |
||
| 700 |
_aMcMahon, Gary _911576 |
||
| 942 |
_2ddc _cO_SHELF |
||
| 999 |
_c5548 _d5548 |
||